000 00429nam a22001697a 4500
005 20251108172049.0
008 250721s1985 xx 000 0 ara d
082 1 4 _a923.5/صلا
100 1 _aشلبي، محمود
245 1 0 _aحياة صلاح الدين /
250 _aط2
264 1 _aبيروت :
_bدار الجيل،
_c1985.
300 _a183ص
650 1 7 _aالتراجم
942 _2ddc
_cBK
999 _c69494
_d69494